| 000 | 00582nam a22002057a 4500 | ||
|---|---|---|---|
| 008 | 150511b xxu||||| |||| 00| 0 eng d | ||
| 020 | _a9780073405933 (alk. paper) | ||
| 020 | _a0073405930 (alk. paper) | ||
| 050 | _aeng | ||
| 080 | _a651.9 | ||
| 100 | 1 | _aSeyler, Dorothy U. | |
| 245 | 1 | 0 |
_aRead reason write / _cDorothy Seyler. |
| 250 | _aBotimi i dhjetë | ||
| 260 |
_aNew York : _bMcGraw-Hill Higher Education, _cc2012. |
||
| 300 |
_a622 f _bme il _c24 cm. |
||
| 505 | _gIndex:f. 615-622 | ||
| 650 | _aLexuesit e kolegjit | ||
| 650 | _aShkrimi i raportit | ||
| 942 |
_2udc _cBK |
||
| 999 |
_c726 _d726 |
||